000 00729nam a2200217 i 4500
001 bg
003 BPK
005 20190719115208.0
008 s1971 pl f |000 0 pol
040 _cBPK
041 _apol
080 _a624.131
080 _a(075.8)
100 1 _aMyślińska, Elżbieta
_d(1935- ).
_eAutor
245 0 _aPrzewodnik do ćwiczeń z gruntoznawstwa.
_nCz.2 /
_cElżbieta Myślińska.
260 _aWarszawa,
_c1971.
650 4 _aGrunt
_xbadanie.
655 4 _aPodręczniki akademickie
856 _uhttp://koha.tuhttp://koha.tu.koszalin.pl/cgi-bin/koha/opac-detail.pl?biblionumber=1453.koszalin.pl/cgi-bin/koha/opac-detail.pl?biblionumber=7242
_yKatalog online BPK
942 _cKS
_2UKD
999 _c7242
_d7242